Entry Personal Name
Number of records used in: 1
001 - CONTROL NUMBER
003 - CONTROL NUMBER IDENTIFIER
005 - DATE AND TIME OF LATEST TRANSACTION
- control field:
20231204160549.0
008 - FIXED-LENGTH DATA ELEMENTS
- fixed length control field:
810908n| azannaab |a aaa
010 ## - LIBRARY OF CONGRESS CONTROL NUMBER
- LC control number:
n 81098799
- Canceled/invalid LC control number:
n 2013216399
040 ## - CATALOGING SOURCE
- Original cataloging agency:
DLC
- Language of cataloging:
eng
- Description conventions:
rda
- Transcribing agency:
DLC
- Modifying agency:
DLC
046 ## - SPECIAL CODED DATES
- Birth date:
1951
- Source of date scheme:
edtf
100 1# - HEADING--PERSONAL NAME
- Personal name:
Pāṭhaka, Śekhara,
- Dates associated with a name:
1951-
370 ## - ASSOCIATED PLACE
- Other associated place:
Naini Tal (India)
- Source of term:
naf
372 ## - FIELD OF ACTIVITY
- Field of activity:
History
- Field of activity:
Hindi literature
- Source of term:
lcsh
373 ## - ASSOCIATED GROUP
- Associated group:
Pahāṛa (Association : Naini Tal, India)
- Source of term:
naf
373 ## - ASSOCIATED GROUP
- Associated group:
Kumaun University. Department of History
- Source of term:
naf
374 ## - OCCUPATION
- Occupation:
University and college faculty members
- Source of term:
lcdgt
377 ## - ASSOCIATED LANGUAGE
- Language code:
eng
- Language code:
hin
400 0# - SEE FROM TRACING--PERSONAL NAME
- Personal name:
Śekhara Pāṭhaka,
- Dates associated with a name:
1951-
400 0# - SEE FROM TRACING--PERSONAL NAME
- Personal name:
Shekhar Pathak,
- Dates associated with a name:
1951-
400 1# - SEE FROM TRACING--PERSONAL NAME
- Personal name:
Pathak, Shekhar,
- Dates associated with a name:
1951-
670 ## - SOURCE DATA FOUND
- Source citation:
Tivāṛī, G. Hamārī kavitā ke ān̐khara, 1978 (a.e.)
- Information found:
t.p. (Śekhara Pāṭhaka) verso of t.p. (Shekhar Pathak; b. 1951)
670 ## - SOURCE DATA FOUND
- Source citation:
The Himalaya and our future, 200?:
- Information found:
title page (Shekhar Pathak) page 22 (former history Professor of Kumaun University; was fellow at IIAS, Shimla Ns NMML, New Delhi; currently works with PAHARA; vice-president (Asia/Himalaya) of World Mountain People Association)